00519nam a2200169Ia 4500003000900000008004100009040001600050080001900066100002900085245007800114260005400192300001400246650001300260650004100273650001400314650002100328IN-BaIIA211028s9999 xx 000 0 eng d cIIA Library a059(54)bSWA-3 aSwamikannu Pillai, L. D. 3aAn Indian ephemerisbvol. III, AD 1000 - AD 1199cL. D. Swamikannu Pillai aMadrasbThe Superintendent Government Pressc1922 avi, 401p. aAlmanacs aAstronomy and Astrophysics Thesaurus aEphemeris aIndian Ephemeris